Statistics for Guess the geometry dash level using a quote from the level

Click here to take the quiz!

General Stats

  • This quiz has been taken 262 times
  • The average score is 10 of 30

Answer Stats

HintAnswer% Correct
I like this part :)Deadlocked
84%
FOCUSLimbo
72%
Drop AsimetricoDuelo Maestro
67%
Thank you all for beating my level and forgiving me / Im sorry CC was hacked,but you still enjoyed it... Thank youCataclysm
59%
LDM BALL CUBE BALL BIG CUBE BALL NEXT REST IN PEACE NIFLHEIM VISMUTH SLOW WAVE FAST ROBOT KEEP GOING SLOW SHIP GO SLOW BALL AUTO? FAST SHIP SLOW CUBE BALL LOL FAST ROBOT IN OUT SLOW UFO TAKE A BREAK
UFO GO! GO! YEAH! FAST CUBE DUAL WAVE WATCH OUT FASTER OMG! MINI NEXT NEXT GREAT VERIFIED BY NIFLHEIM KOREAQWER
Niflheim
56%
It is not owen...Bloodlust
50%
Dual gamemode is the best gamemodeFuture Funk
46%
Congratulations! / You have completed one of the hardest megacollabs created in GD!Phobos
45%
Viprin is triggeredOuterSpace
43%
You have finally reached the summit, MadelineStorming Summit
39%
The eternal night falls...Eternal Night
36%
Bunnygame and FriaxisUnity
36%
How are you clear my map!SARY NEVER CLEAR
34%
Monsters by Krazyman50 / Thank you for playing / :'VLove Baba
33%
Caution: Unstable speedMagmatic Sanctuary
30%
Don’t let your past stop where you are / Create more memories and keep this train movingWhite Space
29%
Faith...Sonic Wave
27%
It is not enough for me to succeed, others must failYatagarasu
26%
SHOW ME YOUR HEARTFinal Fantasy
23%
Pierce through all matterBlade of Justice
22%
Jews beyond the thrownDont Rate This Level
21%
What a journey... / Thank you for everything. / you'll never be forgotten...Temple of Time
17%
cry! Because thats the Last thing you can doUltra Violence
16%
Where flowers blossom, where dreams come trueDream Flower
12%
You just survived...Devil Vortex
11%
You are the God of Geometry Dash !Thinking Space
7%
Its wonderful how people can give so many time and nerves for a few seconds.The Third Variant
6%
dangus dongusGlowy
5%
Let's Do It!!!Retention
5%
For someone who'll reach the ocean, this wave isn't a big deal at allBehold
1%

Score Distribution

Percentile by Number Answered

Percent of People with Each Score

Your Score History

You have not taken this quiz